000 005150000a22002170004500
005 20120302053732.0
942 _cBOOK
245 _a Secret cornerts of the world
260 _aWashington:National Geographic Society,1982
300 _a199p
040 _aENG
365 _bRs.
650 _aGeography
650 _aSecret Corners-World
650 _aMarquesas
650 _aNorthern Afghanistan
650 _aTierra Del Fuego
650 _aSanta Martas
650 _aAlpujarras
650 _aRuwenzori
999 _c343681
_d343678